000 00369nam a22001571a 4500
020 _a9788124003121
082 _aM301
_bSHO/J
100 _aSobha Warrier
245 _aJaalavidya/
_cby Sobha Warrier
260 _bSobha Warrier,
_c1996.
_a
300 _a75p.
650 _aStories Malayalam
650 _aLiterature Malayalam
650 _aLiterature
942 _cBK
999 _c21228
_d21228